000 00756nam a2200289Ia 4500
003 OSt
005 20221006144252.0
006 a|||||r|||| 00| 0
007 ta
008 221006b |||||||| |||| 00| 0 eng d
020 _c100.00
024 _a11,292
037 _cTextual
040 _aEASL
_cEASL
_beng
041 _2eng
_aeng
082 _aU4441.4v, M0
100 _aBAMZAI P N K
245 0 _aKashmir and central Asia
260 _aNew Delhi
_bLight & Life Pub.
_c1980
300 _a251p.
_ccm.
490 _v Gen
650 _a Commercial - relations
_9651331
650 _a Gen
650 _aGeographical - Perspective
_9651332
942 _hU4441.4v, M0
_cTEXL
_2CC
999 _c1079378
_d1079378